01065cam a2200253 a 450000100100000000500170001000800410002704000230006808200180009110000460010924501060015526000940026130000280035544000310038349000310041465000260044565000300047165000370050170000420053883000610058091000340064195201210067599900150079600000577820200929151800.0781208s1966 uy 001 f spa  aDO-SdBNPcNbUdDLC aU863.4bP668a1 aPiriz Coelho, Ramón,d1872-1960.91635110aAnecdotario del uruguayo Santiago Marcos. /cRamón Piriz Coelho ; prólogo de Arturo Sergio Visca. aMontevideo, Uruguay :bMinisterio de Instrucción Pública y Previsión Social,c1966. axxvii, 184 p. ;c19 cm. 0aBiblioteca Artigas.9162791 aClásicos uruguayosv108. 4aNovela uruguaya95679 4aLiteratura uruguaya93054 4aLiteratura latinoamericana947171 aVisca, Arturo Sergio,epról.916277 0aBiblioteca Artigas.pclásicos uruguayos ;v108.916286 aCatalogación por copia / LC 001052708MOaGRbGRcCTd2009-08-22iLF1l0oU863.4 P668ap5778-10r2020-06-25w2020-06-25y2ZPréstamo interno c5574d5574